[Event "XVI Festival A"]
[Site "Porto San Giorgio ITA"]
[Date "2004.08.26"]
[Round "6"]
[White "Faraoni, Enrico"]
[Black "Ragnoni, Alessandro"]
[Result "0-1"]
[WhiteElo "2178"]
[BlackElo "2075"]
[PlyCount "62"]
[EventDate "2004.08.21"]

1. e4 c5 2. Nf3 d6 3. d4 cxd4 4. Nxd4 Nf6 5. Nc3 g6 6. Be3 Bg7 7. f3 Nc6 8. Bc4
O-O 9. Qd2 Bd7 10. O-O-O Rc8 11. Bb3 Ne5 12. h4 h5 13. Bg5 Rc5 14. g4 hxg4 15.
f4 Nc4 16. Qd3 b5 17. Bxf6 Bxf6 18. e5 dxe5 19. Ne4 exd4 20. Nxc5 Bf5 21. Ne4
Bg7 22. Qe2 Qc7 23. Ng5 Qxf4+ 24. Kb1 Qe3 25. Bxc4 bxc4 26. Qxc4 e6 27. Rde1
Qg3 28. h5 gxh5 29. Rhf1 d3 30. Rxe6 dxc2+ 31. Ka1 Qd3 0-1

[Event "XVI Festival A"]
[Site "Porto San Giorgio ITA"]
[Date "2004.08.26"]
[Round "6"]
[White "Friedrich, Norbert"]
[Black "Tomescu, Vlad"]
[Result "0-1"]
[WhiteElo "2319"]
[BlackElo "2397"]
[PlyCount "60"]
[EventDate "2004.08.21"]

1. Nf3 Nc6 2. e4 d6 3. d4 Nf6 4. Nc3 Bg4 5. Be3 e6 6. h3 Bh5 7. d5 exd5 8. exd5
Bxf3 9. Qxf3 Nb8 10. O-O-O Be7 11. g4 O-O 12. g5 Nfd7 13. Ne4 Nc5 14. h4 Nbd7
15. Bd4 Nxe4 16. Qxe4 Nc5 17. Bxc5 dxc5 18. Bd3 g6 19. f4 Bd6 20. h5 Qe7 21.
Qf3 Rae8 22. Rh3 c4 23. Bxc4 Qe4 24. Bb5 Qxf4+ 25. Kb1 Qxf3 26. Rxf3 Re5 27.
Rg3 a6 28. Bf1 Rfe8 29. Bg2 Re2 30. Rg4 gxh5 0-1

[Event "XVI Festival A"]
[Site "Porto San Giorgio ITA"]
[Date "2004.08.26"]
[Round "6"]
[White "Giacometti, Carlo"]
[Black "Del Monaco, Andrea"]
[Result "0-1"]
[WhiteElo "2047"]
[BlackElo "2208"]
[PlyCount "64"]
[EventDate "2004.08.21"]

1. Nc3 c5 2. Nf3 Nc6 3. d4 cxd4 4. Nxd4 g6 5. g3 Bg7 6. Nb3 Nf6 7. Bg2 d6 8.
O-O O-O 9. Nd5 Nxd5 10. Bxd5 e6 11. Bg2 d5 12. c3 a5 13. a4 Re8 14. Be3 Ne5 15.
Bd4 Nc4 16. Bxg7 Kxg7 17. Qd4+ Qf6 18. Nc5 Qxd4 19. cxd4 b6 20. b3 Nd6 21. Nd3
Ba6 22. Ne5 Nf5 23. Rfc1 Nxd4 24. Rc7 Rf8 25. e3 Rac8 26. Ra7 Nc2 27. Rc1 Nb4
28. Rcc7 Rxc7 29. Rxc7 Rc8 30. Rxf7+ Kg8 31. f4 Rc1+ 32. Kf2 Nd3+ 0-1

[Event "XVI Festival A"]
[Site "Porto San Giorgio ITA"]
[Date "2004.08.26"]
[Round "6"]
[White "Hoelzl, Franz"]
[Black "Buiano, Fabio"]
[Result "1-0"]
[WhiteElo "2373"]
[BlackElo "2094"]
[PlyCount "87"]
[EventDate "2004.08.21"]

1. d4 d6 2. c4 e5 3. Nc3 exd4 4. Qxd4 Nc6 5. Qd2 Nf6 6. b3 a5 7. Bb2 a4 8. Rd1
axb3 9. axb3 Be7 10. e3 O-O 11. Nge2 Be6 12. Nf4 Ne5 13. Be2 Nfd7 14. O-O Nc5
15. b4 Ncd7 16. Nxe6 fxe6 17. Nb5 Bf6 18. Ra1 Rxa1 19. Rxa1 Bh4 20. f4 Nc6 21.
Bg4 Re8 22. c5 d5 23. Rd1 Kh8 24. Bf3 Bf6 25. e4 Bxb2 26. Qxb2 Nf6 27. g3 Re7
28. e5 Nd7 29. h4 Re8 30. Kg2 Ne7 31. Nd4 Nc6 32. Nc2 g6 33. Bg4 Qe7 34. Ra1
Rf8 35. Qc3 Kg8 36. Ne1 h6 37. Nf3 Qf7 38. b5 Ne7 39. Ra7 Rb8 40. Nd4 Nf8 41.
c6 bxc6 42. Rxc7 cxb5 43. Qc5 b4 44. Rxe7 1-0

[Event "XVI Festival A"]
[Site "Porto San Giorgio ITA"]
[Date "2004.08.26"]
[Round "6"]
[White "Miatello, Alberto"]
[Black "Fioravanti, Diego"]
[Result "1/2-1/2"]
[WhiteElo "2099"]
[BlackElo "1997"]
[PlyCount "49"]
[EventDate "2004.08.21"]

1. e4 c5 2. Nf3 d6 3. d4 cxd4 4. Nxd4 Nf6 5. Nc3 g6 6. Be3 Bg7 7. f3 O-O 8. Qd2
Nc6 9. g4 Bd7 10. O-O-O Rc8 11. Nxc6 Bxc6 12. g5 Nd7 13. Nb5 a6 14. Na7 Ra8 15.
Nxc6 bxc6 16. h4 Rb8 17. Bd4 Ne5 18. Be2 c5 19. Bc3 Qb6 20. h5 Nxf3 21. Bxf3
Qxb2+ 22. Bxb2 Bxb2+ 23. Kb1 Bc3+ 24. Kc1 Bb2+ 25. Kb1 1/2-1/2

[Event "XVI Festival A"]
[Site "Porto San Giorgio ITA"]
[Date "2004.08.26"]
[Round "6"]
[White "Mrdja, Milan"]
[Black "Horvath, Peter"]
[Result "1/2-1/2"]
[WhiteElo "2432"]
[BlackElo "2503"]
[PlyCount "79"]
[EventDate "2004.08.21"]

1. e4 c5 2. Nf3 e6 3. d4 cxd4 4. Nxd4 Nf6 5. Nc3 Nc6 6. Nxc6 bxc6 7. e5 Nd5 8.
Ne4 Qc7 9. f4 Qb6 10. c4 Bb4+ 11. Ke2 Ba6 12. Kf3 f5 13. exf6 Nxf6 14. Be3 Qa5
15. Nxf6+ gxf6 16. Kf2 Ke7 17. a3 Bc5 18. b4 Bxe3+ 19. Kxe3 Qc7 20. c5 Bxf1 21.
Rxf1 a5 22. Qd3 d6 23. cxd6+ Qxd6 24. Qc2 axb4 25. axb4 Qxb4 26. Rfb1 Ra3+ 27.
Rxa3 Qxa3+ 28. Rb3 Qa7+ 29. Kf3 Qd4 30. Rd3 Qb6 31. Rb3 Qd4 32. Rd3 Qb6 33. Rc3
Qb5 34. Kf2 f5 35. Rb3 Qd5 36. Qc3 Rd8 37. Rb7+ Kd6 38. Qa3+ Qc5+ 39. Qxc5+
Kxc5 40. Rxh7 1/2-1/2

[Event "XVI Festival A"]
[Site "Porto San Giorgio ITA"]
[Date "2004.08.26"]
[Round "6"]
[White "Rigo, Janos"]
[Black "Fulvi, Fulvio"]
[Result "1-0"]
[WhiteElo "2314"]
[BlackElo "2086"]
[PlyCount "75"]
[EventDate "2004.08.21"]

1. e4 e6 2. Nc3 d5 3. d3 Nf6 4. Bg5 Be7 5. Nf3 O-O 6. e5 Nfd7 7. Bxe7 Qxe7 8.
d4 a6 9. Bd3 c5 10. dxc5 Nxc5 11. O-O f5 12. exf6 Qxf6 13. Qe2 Nc6 14. Rae1 Bd7
15. Ne5 Nxe5 16. Qxe5 Qxe5 17. Rxe5 Rf6 18. f4 g6 19. g3 Kf7 20. Rfe1 Bc6 21.
Ne2 Nxd3 22. cxd3 Bd7 23. Nd4 Rc8 24. R5e2 h6 25. Nf3 Bb5 26. Ne5+ Kg7 27. Kf2
Rf5 28. Ke3 g5 29. Rf2 gxf4+ 30. gxf4 Rh5 31. Rg1+ Kf8 32. b3 Be8 33. Rfg2 Bf7
34. Rg7 Rc7 35. Rh7 Rh3+ 36. Kd4 Rh5 37. Rh8+ Ke7 38. Nxf7 1-0

[Event "XVI Festival A"]
[Site "Porto San Giorgio ITA"]
[Date "2004.08.26"]
[Round "6"]
[White "Rotoni, Matteo"]
[Black "Cioara, Andrei Nestor"]
[Result "0-1"]
[WhiteElo "2101"]
[BlackElo "2373"]
[PlyCount "62"]
[EventDate "2004.08.21"]

1. e4 c6 2. d4 d5 3. e5 Bf5 4. h4 h6 5. g4 Bd7 6. h5 c5 7. c3 Nc6 8. f4 Qb6 9.
Bg2 cxd4 10. Bxd5 Rd8 11. Qb3 Qxb3 12. axb3 Bxg4 13. Bxc6+ bxc6 14. Rxa7 e6 15.
Ne2 dxc3 16. bxc3 Ne7 17. b4 Nf5 18. Rh2 Be7 19. Bd2 O-O 20. Kd1 c5 21. b5 c4
22. Kc1 Rb8 23. Ra5 Rfd8 24. Nd4 Nxd4 25. cxd4 Rxd4 26. Be3 Rd1+ 27. Kc2 Re1
28. Ba7 Bf5+ 29. Kc3 Rc1+ 30. Kd2 Rxb1 31. Bxb8 Bb4+ 0-1

[Event "XVI Festival A"]
[Site "Porto San Giorgio ITA"]
[Date "2004.08.26"]
[Round "6"]
[White "Rovedi, Mauro"]
[Black "Cristiani, Cesare"]
[Result "1-0"]
[WhiteElo "1957"]
[BlackElo "2155"]
[PlyCount "89"]
[EventDate "2004.08.21"]

1. d4 Nf6 2. c4 c5 3. d5 d6 4. Nc3 g6 5. Nf3 Bg7 6. Bg5 h6 7. Bh4 O-O 8. e3 a6
9. a4 Bg4 10. Be2 Nbd7 11. Nd2 Bxe2 12. Qxe2 Qc7 13. O-O Rfe8 14. f4 Rab8 15.
Rad1 Nf8 16. e4 Qd7 17. e5 N6h7 18. Kh1 e6 19. dxe6 Qxe6 20. Nd5 Rbc8 21. Nf3
f5 22. b4 dxe5 23. fxe5 g5 24. Be1 cxb4 25. Bxb4 Ng6 26. Nd4 Qxe5 27. Qxe5 Rxe5
28. Nxf5 Rxf5 29. Rxf5 Rxc4 30. g3 Bf8 31. Bxf8 Ngxf8 32. a5 Kg7 33. Rdf1 Rd4
34. Ne7 Rd8 35. Rf7+ Kh8 36. Nf5 Rd5 37. Nxh6 Rxa5 38. Rxb7 Ne6 39. Kg2 Nhf8
40. Kf3 Ra4 41. Ng4 a5 42. Nf6 Rd4 43. Re1 g4+ 44. Kf2 Rd2+ 45. Re2 1-0

[Event "XVI Festival A"]
[Site "Porto San Giorgio ITA"]
[Date "2004.08.26"]
[Round "6"]
[White "Sabia, Corrado"]
[Black "Giacchetti, Luciano"]
[Result "1-0"]
[WhiteElo "2150"]
[BlackElo "1885"]
[PlyCount "79"]
[EventDate "2004.08.21"]

1. e4 e5 2. Nf3 d6 3. d4 Nf6 4. Nc3 exd4 5. Nxd4 c6 6. a4 Nbd7 7. g3 Nc5 8. Bg2
Bg4 9. f3 Bd7 10. O-O Ne6 11. Be3 Nxd4 12. Qxd4 Be7 13. Rad1 O-O 14. g4 Be6 15.
g5 Nd7 16. f4 f5 17. gxf6 Nxf6 18. h3 Ne8 19. Qd3 Bf6 20. Ne2 Qa5 21. Nd4 Bf7
22. b3 Rd8 23. Bf3 Bxd4 24. Qxd4 c5 25. Qd2 Qc7 26. Qf2 c4 27. Bxa7 Qe7 28. b4
Bg6 29. f5 Bf7 30. Rfe1 Qg5+ 31. Kh1 Nf6 32. Be3 Nxe4 33. Bxe4 Qh5 34. Qf3 Qh4
35. Qg4 Qe7 36. Bg5 Qc7 37. Bxd8 Rxd8 38. Rg1 Be8 39. Bd5+ Kh8 40. f6 1-0

[Event "XVI Festival A"]
[Site "Porto San Giorgio ITA"]
[Date "2004.08.26"]
[Round "6"]
[White "Stromboli, Ettore"]
[Black "Pulimeno, Roberto"]
[Result "1-0"]
[WhiteElo "2116"]
[BlackElo "1916"]
[PlyCount "113"]
[EventDate "2004.08.21"]

1. e4 d6 2. d4 Nf6 3. Nc3 g6 4. f3 Bg7 5. Be3 c6 6. Qd2 b5 7. Bh6 Bxh6 8. Qxh6
Nbd7 9. Nge2 Qa5 10. Qd2 Nb6 11. b3 h5 12. a3 Nbd7 13. b4 Qb6 14. Nc1 a5 15.
Nb3 axb4 16. axb4 Rxa1+ 17. Nxa1 Ba6 18. Nb3 c5 19. dxc5 dxc5 20. bxc5 Nxc5 21.
Qd4 Ncd7 22. Qxb6 Nxb6 23. Bxb5+ Bxb5 24. Nxb5 Kd7 25. Ke2 Rc8 26. Rd1+ Ke8 27.
c3 Nc4 28. Nd2 Nb2 29. Rb1 Na4 30. c4 Nd7 31. Rb4 Nac5 32. Nc3 Ra8 33. Nd5 Ra2
34. Nc3 Ra8 35. h3 e6 36. Nb3 Nxb3 37. Rxb3 Rc8 38. Nb5 Kf8 39. Rc3 h4 40. Ke3
Nb6 41. Na3 e5 42. Rc2 Rc5 43. Kd3 Na4 44. Ra2 Ra5 45. Kc2 Nc5 46. Kc3 Ra8 47.
Ra1 Ke7 48. Nc2 Rxa1 49. Nxa1 Ne6 50. Nc2 Nf4 51. Ne3 Kd6 52. Kb4 Ne6 53. Kb5
f6 54. Kb6 Nc5 55. Nd5 Nd7+ 56. Kb5 g5 57. Nb6 1-0

[Event "XVI Festival A"]
[Site "Porto San Giorgio ITA"]
[Date "2004.08.26"]
[Round "6"]
[White "Voiska, Margarita"]
[Black "Naumkin, Igor"]
[Result "0-1"]
[WhiteElo "2387"]
[BlackElo "2457"]
[PlyCount "74"]
[EventDate "2004.08.21"]

1. Nf3 Nf6 2. c4 e6 3. g3 d5 4. Bg2 Be7 5. O-O O-O 6. d4 dxc4 7. Qa4 a6 8. Qxc4
b5 9. Qc2 Bb7 10. Bd2 Be4 11. Qc1 Nc6 12. e3 b4 13. Be1 Na5 14. Nbd2 Bd3 15.
Ne5 Bxf1 16. Nxf1 Nd5 17. Qc2 Rc8 18. Qa4 c5 19. dxc5 Rxc5 20. Nd7 Nb6 21. Nxb6
Qxb6 22. Qxb4 Qc7 23. Qg4 Nc4 24. Bc3 Rg5 25. Qe2 a5 26. e4 Bb4 27. Rc1 Bxc3
28. Rxc3 Rc5 29. Nd2 Nxb2 30. Rxc5 Qxc5 31. Nb3 Qc3 32. Nxa5 Qxa5 33. Qxb2 Qe1+
34. Bf1 Qxe4 35. h4 g6 36. Qa1 Rb8 37. a4 Rb1 0-1

[Event "XVI Festival A"]
[Site "Porto San Giorgio ITA"]
[Date "2004.08.26"]
[Round "6"]
[White "Zaja, Ivan"]
[Black "Nijboer, Friso"]
[Result "0-1"]
[WhiteElo "2452"]
[BlackElo "2568"]
[PlyCount "84"]
[EventDate "2004.08.21"]

1. d4 f5 2. Nc3 Nf6 3. Bg5 d5 4. Bxf6 exf6 5. e3 Be6 6. Bd3 Qd7 7. Nge2 Nc6 8.
Nf4 Bf7 9. a3 Ne7 10. Qf3 h5 11. h4 g6 12. Rc1 O-O-O 13. Bb5 Qd6 14. Be2 Kb8
15. Na4 g5 16. Nd3 f4 17. hxg5 fxg5 18. Ne5 Be8 19. Nc5 Ng6 20. Nxg6 Qxg6 21.
exf4 gxf4 22. Nd3 Bd6 23. Kd2 Qf6 24. c3 h4 25. Rce1 c6 26. Qh3 Qg5 27. Bf3 Bd7
28. Qh2 Bf5 29. Ne5 Bh7 30. Qxh4 Qf5 31. Bd1 Qb1 32. Qxh7 Rxh7 33. Bc2 Rxh1 34.
Bxb1 Rxe1 35. Kxe1 Bxe5 36. dxe5 Re8 37. Ke2 Rxe5+ 38. Kf3 Rg5 39. g4 fxg3 40.
fxg3 Re5 41. Kf4 Re2 42. g4 Kc7 0-1

[Event "XVI Festival A"]
[Site "Porto San Giorgio ITA"]
[Date "2004.08.27"]
[Round "7"]
[White "Aldrovandi, Costantino"]
[Black "Stromboli, Ettore"]
[Result "1-0"]
[WhiteElo "2275"]
[BlackElo "2116"]
[PlyCount "61"]
[EventDate "2004.08.21"]

1. e4 e6 2. d4 d5 3. e5 c5 4. c3 Qb6 5. Nf3 Bd7 6. a3 c4 7. Qc2 Nc6 8. Bf4 h5
9. Nbd2 Na5 10. Be2 Be7 11. O-O Nh6 12. a4 Nf5 13. Rfb1 Rc8 14. b3 cxb3 15.
Nxb3 Nxb3 16. Rxb3 Nxd4 17. Nxd4 Qxd4 18. Qc1 Qe4 19. Bf3 Qc4 20. Rxb7 Bc6 21.
Rxe7+ Kxe7 22. Qa3+ Ke8 23. Bg5 f6 24. exf6 Rc7 25. Qd6 Ba8 26. Qd8+ Kxd8 27.
fxg7+ Kd7 28. gxh8=Q Qxc3 29. Qh7+ Kc8 30. Qg8+ Kb7 31. Rb1+ 1-0

[Event "XVI Festival A"]
[Site "Porto San Giorgio ITA"]
[Date "2004.08.27"]
[Round "7"]
[White "Andreolini, Mauro"]
[Black "Rotoni, Matteo"]
[Result "1-0"]
[WhiteElo "1898"]
[BlackElo "2101"]
[PlyCount "80"]
[EventDate "2004.08.21"]

1. d4 c5 2. d5 e6 3. c4 exd5 4. cxd5 d6 5. Nc3 Nf6 6. e4 g6 7. f4 Bg7 8. Bb5+
Nfd7 9. a4 O-O 10. Nf3 Na6 11. O-O Nc7 12. Bd3 a6 13. a5 Rb8 14. Re1 b5 15.
axb6 Nxb6 16. h3 c4 17. Bf1 Nb5 18. Nxb5 axb5 19. Nd4 Bd7 20. Be3 Na4 21. b3
Nc5 22. bxc4 Nxe4 23. cxb5 Nc3 24. Qb3 Nxb5 25. Nxb5 Bxa1 26. Rxa1 Qe8 27. Ra5
Qe4 28. Ra4 Qe7 29. Rb4 Rfe8 30. Bf2 Bf5 31. Nd4 Rxb4 32. Qxb4 Be4 33. Nc6 Qf6
34. Qd2 Qf5 35. Bc4 Qf6 36. Bd4 Qh4 37. Kh2 Qh5 38. Bc3 g5 39. Qd4 f6 40. Qxf6
Qg6 1-0

[Event "XVI Festival A"]
[Site "Porto San Giorgio ITA"]
[Date "2004.08.27"]
[Round "7"]
[White "Bontempi, Piero"]
[Black "Bastarelli, Giuseppe"]
[Result "1/2-1/2"]
[WhiteElo "2325"]
[BlackElo "1999"]
[PlyCount "106"]
[EventDate "2004.08.21"]

1. e4 e6 2. d4 d5 3. Bd3 Nc6 4. Nf3 Nb4 5. Nc3 Nxd3+ 6. Qxd3 dxe4 7. Nxe4 Be7
8. Ne5 Nf6 9. Ng5 O-O 10. h4 c5 11. Be3 b6 12. Ng4 g6 13. Nh6+ Kg7 14. h5 e5
15. hxg6 fxg6 16. dxe5 Nh5 17. Qxd8 Bxd8 18. g4 Nf4 19. Nhf7 Bxg5 20. Nxg5 h6
21. Nh3 Ng2+ 22. Kd2 Rd8+ 23. Kc3 Nxe3 24. fxe3 Bxg4 25. Nf4 h5 26. Rag1 Re8
27. e6 Rad8 28. Rh2 Kf6 29. Rf2 Ke5 30. e7 Rd6 31. Nd3+ Ke6 32. Rgf1 Rxe7 33.
e4 Kd7 34. Rf7 Kd8 35. Rf8+ Kd7 36. e5 Rd4 37. Ra8 Kc6 38. b4 Bf5 39. bxc5 bxc5
40. Nf4 Rxe5 41. Rxa7 Re3+ 42. Kb2 Rd2 43. Rc1 Rf3 44. Nxg6 Kb6 45. Rf7 Rff2
46. Ne5 Rxc2+ 47. Rxc2 Rxc2+ 48. Kb3 Rf2 49. Rf6+ Kb7 50. Rh6 Re2 51. Nc4 Be6
52. Kc3 Bxc4 53. Kxc4 Rxa2 1/2-1/2

[Event "XVI Festival A"]
[Site "Porto San Giorgio ITA"]
[Date "2004.08.27"]
[Round "7"]
[White "Bracaglia, Carlo"]
[Black "Friedrich, Norbert"]
[Result "1/2-1/2"]
[WhiteElo "2166"]
[BlackElo "2319"]
[PlyCount "77"]
[EventDate "2004.08.21"]

1. d4 d5 2. Nf3 Nf6 3. Bf4 c5 4. c3 Qb6 5. Qb3 c4 6. Qxb6 axb6 7. g3 Nc6 8. Bg2
b5 9. Nbd2 b4 10. O-O bxc3 11. bxc3 Ra3 12. Rfc1 e6 13. Ne5 Be7 14. e4 O-O 15.
Rc2 h6 16. h4 Rd8 17. Rb1 Nh5 18. Be3 Nf6 19. Rb5 Na7 20. Rb6 Re8 21. Rbb2 b5
22. g4 Bb7 23. g5 hxg5 24. hxg5 Nxe4 25. Nxe4 dxe4 26. Nxc4 Ra4 27. Nd2 Rc8 28.
Nxe4 Ba3 29. Rb1 Rac4 30. Nf6+ gxf6 31. Bxb7 R8c7 32. Bg2 fxg5 33. d5 exd5 34.
Bxd5 Rg4+ 35. Kf1 Bc5 36. Bxc5 Rxc5 37. Bb3 Nc6 38. Rd1 Na5 39. Rd4 1/2-1/2

[Event "XVI Festival A"]
[Site "Porto San Giorgio ITA"]
[Date "2004.08.27"]
[Round "7"]
[White "Cioara, Andrei Nestor"]
[Black "Cerquitella, Luca"]
[Result "1/2-1/2"]
[WhiteElo "2373"]
[BlackElo "2173"]
[PlyCount "43"]
[EventDate "2004.08.21"]

1. e4 e5 2. Nf3 Nc6 3. d4 exd4 4. Nxd4 Bc5 5. Be3 Qf6 6. c3 Nge7 7. Bc4 b6 8.
O-O Bb7 9. Nb5 O-O-O 10. Bxc5 bxc5 11. Bd5 Kb8 12. Nd2 a6 13. Na3 Qg5 14. Nac4
Nxd5 15. Nf3 Qf4 16. exd5 Qxc4 17. dxc6 Bxc6 18. Ne5 Qd5 19. Qb3+ Bb7 20. Qxd5
Bxd5 21. Rad1 Be6 22. f4 1/2-1/2

[Event "XVI Festival A"]
[Site "Porto San Giorgio ITA"]
[Date "2004.08.27"]
[Round "7"]
[White "Cocchi, Andrea"]
[Black "Rovedi, Mauro"]
[Result "1-0"]
[WhiteElo "2295"]
[BlackElo "1957"]
[PlyCount "33"]
[EventDate "2004.08.21"]

1. Nf3 Nf6 2. c4 c5 3. Nc3 Nc6 4. d4 cxd4 5. Nxd4 Nxd4 6. Qxd4 g6 7. e4 d6 8.
Bg5 Bg7 9. Be2 O-O 10. O-O Qa5 11. Qd2 b6 12. a3 Qc5 13. b4 Qc7 14. Bxf6 Bxf6
15. Nd5 Qc6 16. e5 Bh4 17. Qh6 1-0

[Event "XVI Festival A"]
[Site "Porto San Giorgio ITA"]
[Date "2004.08.27"]
[Round "7"]
[White "Cristiani, Cesare"]
[Black "Bondielli, Giorgio"]
[Result "1-0"]
[WhiteElo "2155"]
[BlackElo "2020"]
[PlyCount "73"]
[EventDate "2004.08.21"]

1. d4 f5 2. g3 g6 3. Bg2 Nf6 4. Nf3 Bg7 5. c3 d6 6. Qb3 e6 7. Nbd2 O-O 8. O-O
a5 9. a4 Na6 10. Nc4 b6 11. Ng5 d5 12. Ne5 Qe8 13. Be3 Rb8 14. Qb5 c5 15. Qxe8
Rxe8 16. Ngf7 Ng4 17. Bf4 Nxe5 18. Nxe5 Rb7 19. h4 Nb8 20. c4 Bxe5 21. dxe5 Rd7
22. cxd5 exd5 23. e6 Rxe6 24. Bxb8 Rxe2 25. Rfe1 Rxe1+ 26. Rxe1 Kf7 27. Bf4 Bb7
28. Bf1 Bc6 29. Bb5 Bxb5 30. axb5 d4 31. b3 Ra7 32. Ra1 Ke6 33. Kf1 Kd5 34. Ra4
Re7 35. Ra1 Ra7 36. Re1 a4 37. Bb8 1-0

[Event "XVI Festival A"]
[Site "Porto San Giorgio ITA"]
[Date "2004.08.27"]
[Round "7"]
[White "Del Monaco, Andrea"]
[Black "Zaja, Ivan"]
[Result "0-1"]
[WhiteElo "2208"]
[BlackElo "2452"]
[PlyCount "66"]
[EventDate "2004.08.21"]

1. e4 c5 2. Nf3 e6 3. Nc3 a6 4. g3 b5 5. Bg2 Bb7 6. d3 d6 7. Ng5 b4 8. Ne2 Be7
9. f4 h6 10. Nh3 Nf6 11. Nf2 h5 12. O-O Qc7 13. a3 bxa3 14. Rxa3 d5 15. f5 c4
16. fxe6 fxe6 17. Nf4 Bxa3 18. bxa3 dxe4 19. Nxe6 Qe7 20. Nxe4 Bxe4 21. Bxe4
Qa7+ 22. Kh1 Nxe4 23. dxe4 Qd7 24. Nd4 Qg4 25. Nf3 Qd7 26. Nd4 Ra7 27. Bf4 O-O
28. c3 Nc6 29. Qxh5 Nxd4 30. Rd1 Qb5 31. Qg4 Nb3 32. Qe6+ Raf7 33. Bd6 Re8 0-1

[Event "XVI Festival A"]
[Site "Porto San Giorgio ITA"]
[Date "2004.08.27"]
[Round "7"]
[White "Fioravanti, Diego"]
[Black "Ciampi, Vincenzo"]
[Result "1-0"]
[WhiteElo "1997"]
[BlackElo "2104"]
[PlyCount "105"]
[EventDate "2004.08.21"]

1. c4 g6 2. d4 Bg7 3. Nc3 d6 4. Nf3 Nd7 5. e3 e5 6. Be2 Ngf6 7. O-O O-O 8. Qc2
Re8 9. b3 exd4 10. Nxd4 Ne5 11. Bb2 c6 12. Rad1 Bg4 13. h3 Bxe2 14. Ndxe2 Qe7
15. Ba3 Rad8 16. Rd2 Bf8 17. Rfd1 Nh5 18. f4 Nf3+ 19. gxf3 Qxe3+ 20. Kg2 Nxf4+
21. Nxf4 Qxf4 22. Rd4 Qg5+ 23. Rg4 Qa5 24. Bb2 f5 25. Rgd4 Re6 26. R4d2 Rde8
27. Re2 Qd8 28. f4 Rxe2+ 29. Nxe2 Re4 30. Rd4 Re3 31. Rd3 Re4 32. Bc1 Qe7 33.
Ng3 Re6 34. Rd2 h5 35. Re2 h4 36. Rxe6 Qxe6 37. Qe2 Qf7 38. Nf1 d5 39. Bb2 Bd6
40. Qd2 Qe7 41. Qd4 Qe4+ 42. Qxe4 fxe4 43. cxd5 cxd5 44. Ne3 Bxf4 45. Nxd5 Bg5
46. Nf6+ Bxf6 47. Bxf6 Kf7 48. Bxh4 Ke6 49. Kf2 Kf5 50. Ke3 Ke5 51. Bg5 Kf5 52.
h4 Ke5 53. a3 1-0

[Event "XVI Festival A"]
[Site "Porto San Giorgio ITA"]
[Date "2004.08.27"]
[Round "7"]
[White "Kolbus, Dietmar"]
[Black "Del Dotto, Riccardo"]
[Result "1-0"]
[WhiteElo "2303"]
[BlackElo "2127"]
[PlyCount "79"]
[EventDate "2004.08.21"]

1. c4 e5 2. Nc3 Nc6 3. g3 g6 4. Bg2 Bg7 5. e3 d6 6. Nge2 f5 7. d3 Nf6 8. O-O
O-O 9. Nd5 Ne7 10. Nec3 c6 11. Nxf6+ Bxf6 12. Qb3 Kh8 13. Bd2 g5 14. f4 Ng6 15.
Ne2 Qe7 16. Rae1 Be6 17. Qa3 Qd7 18. Bb4 Rfd8 19. b3 Rac8 20. Bc3 Qg7 21. Qb2
h6 22. d4 e4 23. fxg5 hxg5 24. g4 Nh4 25. gxf5 Nxg2 26. Kxg2 Bf7 27. d5 Bxc3
28. Nxc3 cxd5 29. f6 Qg8 30. cxd5 Bxd5 31. Rd1 Bf7 32. Nxe4 Qh7 33. Qd4 Rc2+
34. Rd2 Rdc8 35. Rff2 Rxd2 36. Rxd2 Bg6 37. Nxg5 Be4+ 38. Qxe4 Qh5 39. h4 Re8
40. f7 1-0

[Event "XVI Festival A"]
[Site "Porto San Giorgio ITA"]
[Date "2004.08.27"]
[Round "7"]
[White "Lazic, Miroljub"]
[Black "Mrdja, Milan"]
[Result "1-0"]
[WhiteElo "2471"]
[BlackElo "2432"]
[PlyCount "61"]
[EventDate "2004.08.21"]

1. e4 g6 2. d4 Bg7 3. Nc3 d6 4. Be3 Nf6 5. h3 O-O 6. g3 Nbd7 7. Bg2 e5 8. Nge2
c6 9. a4 a5 10. O-O Re8 11. Qd2 b6 12. g4 h5 13. g5 Nh7 14. Rad1 Nhf8 15. f4
Ba6 16. dxe5 dxe5 17. f5 f6 18. h4 Nc5 19. Qe1 Qe7 20. Qf2 Rad8 21. Rde1 Rd6
22. Qg3 Qf7 23. Rf2 Red8 24. Ref1 Rd4 25. gxf6 Qxf6 26. Bg5 Qd6 27. f6 Bh8 28.
Nxd4 exd4 29. e5 Qb8 30. Ne4 Bxf1 31. Rxf1 1-0

[Event "XVI Festival A"]
[Site "Porto San Giorgio ITA"]
[Date "2004.08.27"]
[Round "7"]
[White "Naumkin, Igor"]
[Black "Efimov, Igor"]
[Result "1/2-1/2"]
[WhiteElo "2457"]
[BlackElo "2491"]
[PlyCount "20"]
[EventDate "2004.08.21"]

1. d4 d5 2. c4 dxc4 3. Nf3 Nf6 4. e3 e6 5. Bxc4 a6 6. a4 c5 7. O-O Qc7 8. Qe2
Nbd7 9. Nc3 Bd6 10. Bd2 O-O 1/2-1/2

[Event "XVI Festival A"]
[Site "Porto San Giorgio ITA"]
[Date "2004.08.27"]
[Round "7"]
[White "Nijboer, Friso"]
[Black "Collutiis, Duilio"]
[Result "1-0"]
[WhiteElo "2568"]
[BlackElo "2387"]
[PlyCount "91"]
[EventDate "2004.08.21"]

1. e4 c5 2. Nf3 Nc6 3. d4 cxd4 4. Nxd4 Qc7 5. Nc3 e6 6. Be2 a6 7. O-O Nf6 8. a4
Bb4 9. Bg5 Bxc3 10. Bxf6 gxf6 11. bxc3 Ne7 12. c4 d6 13. Qd2 e5 14. Nb3 Be6 15.
Rfd1 Rd8 16. Rab1 Rd7 17. Qh6 Ng6 18. c5 dxc5 19. Qe3 Nf4 20. Bf1 Rxd1 21. Rxd1
c4 22. Qc5 Qe7 23. Qxe7+ Kxe7 24. Na5 b5 25. Nc6+ Kf8 26. a5 Kg7 27. g3 Bg4 28.
Rd6 Ne2+ 29. Bxe2 Bxe2 30. Kg2 c3 31. f3 b4 32. Nxb4 Rb8 33. Nd5 Bd1 34. Nxc3
Bxc2 35. Rxa6 f5 36. Rc6 fxe4 37. fxe4 f5 38. exf5 Bxf5 39. Kf3 Rb3 40. a6 Ra3
41. Rc7+ Kf6 42. a7 h5 43. Ke2 Ra5 44. Rb7 Kg5 45. Kf2 Kg4 46. Rb4+ 1-0

[Event "XVI Festival A"]
[Site "Porto San Giorgio ITA"]
[Date "2004.08.27"]
[Round "7"]
[White "Ragnoni, Alessandro"]
[Black "Bruno, Fabio"]
[Result "0-1"]
[WhiteElo "2075"]
[BlackElo "2341"]
[PlyCount "64"]
[EventDate "2004.08.21"]

1. e4 c5 2. Nf3 Nc6 3. d4 cxd4 4. Nxd4 Qb6 5. Nb3 Nf6 6. Nc3 e6 7. Be3 Qc7 8.
a3 a6 9. f4 d6 10. Bd3 b5 11. O-O Bb7 12. Qe1 Be7 13. Qg3 h5 14. h3 h4 15. Qf2
Nd7 16. Rfe1 g5 17. fxg5 Nce5 18. Nd4 Qd8 19. Rad1 Bxg5 20. Bxg5 Qxg5 21. Bxb5
axb5 22. Ndxb5 Ke7 23. Nxd6 Bc6 24. Rf1 f6 25. Na2 Rhg8 26. Kh1 Qg3 27. Nb4
Qxf2 28. Rxf2 Rab8 29. Rf4 Ba8 30. Rxh4 Rg7 31. Rd4 Rbg8 32. g4 Nf3 0-1

[Event "XVI Festival A"]
[Site "Porto San Giorgio ITA"]
[Date "2004.08.27"]
[Round "7"]
[White "Raineri, Valerio"]
[Black "Voiska, Margarita"]
[Result "0-1"]
[WhiteElo "2197"]
[BlackElo "2387"]
[PlyCount "72"]
[EventDate "2004.08.21"]

1. e4 g6 2. d4 Bg7 3. Nc3 c6 4. Nf3 d5 5. e5 f6 6. h3 Nh6 7. Bd3 O-O 8. Qe2 Nf7
9. e6 Nh6 10. Bf4 Na6 11. Qe3 g5 12. Bxg5 fxg5 13. Nxg5 Nf5 14. Qf3 h6 15. Nf7
Nxd4 16. Qh5 Rxf7 17. exf7+ Kf8 18. O-O-O e5 19. f4 e4 20. Bxa6 bxa6 21. Rxd4
Bxd4 22. Qxh6+ Kxf7 23. Qxc6 Rb8 24. Qxd5+ Qxd5 25. Nxd5 Bxb2+ 26. Kd2 Be6 27.
c4 Bd4 28. Rc1 Bxd5 29. cxd5 Rb2+ 30. Kd1 Rxg2 31. Rc7+ Kf6 32. Rc6+ Kf5 33. d6
e3 34. d7 Rd2+ 35. Ke1 Bb6 36. Rc8 Rxd7 0-1